Materials for inspirational design

Saved in:
Bibliografiske detaljer
Hovedforfatter: Lefteri, Chris (Author)
Format: Bog
Sprog:engelsk
Udgivet: Rotovision 2006
Serier:A RotoVision Book
Fag:
Tags: Tilføj Tag
Ingen Tags, Vær først til at tagge denne postø!

MARC

LEADER 00000nam a2200000 a 4500
001 UCH0633
003 CL-VaPUC
008 090320e20060000UK |||||||||||||||||eng|d
020 |a 9782940361502 
082 0 4 |a 620.11  |b LEF  |2 21 
100 |a Lefteri, Chris  |e author  |9 560746 
245 1 0 |a Materials for inspirational design 
300 |a 256 p 
942 |c BK 
945 |d 20090320 00:00:00  |a rbrito 
260 |b Rotovision  |c 2006 
650 0 |a Materiales  |9 260800 
650 0 |a ceramica  |9 262882 
650 0 |a Vidrio  |9 262883 
650 0 |a Metales   |9 260686 
650 0 |a Plásticos   |9 267415 
650 0 |a Madera  |9 262357 
650 0 |a Diseño gráfico  |9 266874 
583 |a last modification  |c 20130401 06:57:36  |k Rodrigo Vera 
490 0 |a A RotoVision Book 
999 |c 332915  |d 332913